|
|
|
|
| LEADER |
00000nab a2200000 a 4500 |
| 001 |
vtls008186309 |
| 003 |
SK-MaSNL |
| 005 |
20260304135140.0 |
| 008 |
250505c2005 xo zr|p|||||||000 b|slo |
| 015 |
|
|
|a SNBRB2005/07
|2 snkbucl
|
| 035 |
|
|
|a (uuid)4a8d7859-9174-426d-985a-0eec98666d9e
|
| 035 |
|
|
|a urn:nbn:sk:snk-abaest
|
| 035 |
|
|
|a (urnnbn)urn:nbn:sk:snk:ar-a0aeyr
|
| 038 |
|
|
|a SNKBUCL
|
| 040 |
|
|
|a SNKBUCL
|b slo
|c SNKBUCL
|e AACR2
|
| 041 |
0 |
|
|a slo
|
| 044 |
|
|
|a xo
|c SK
|
| 080 |
|
|
|a 352/354:658.56.012.43
|2 1997
|
| 080 |
|
|
|a 658.56.012.43
|2 1997
|
| 100 |
1 |
|
|a Grznár, Patrik
|4 aut
|9 492870
|
| 245 |
1 |
0 |
|a Zvyšovanie výkonnosti organizácie pomocou samohodnotenia
|c Patrik Grznár, Oľga Cajchanová
|
| 300 |
|
|
|b Sch., tab.
|
| 500 |
|
|
|a Bibliogr. odkazy
|
| 650 |
0 |
7 |
|a verejná správa
|2 snkbucl
|9 1538
|
| 650 |
0 |
7 |
|a produktivita
|2 snkbucl
|9 14205
|
| 650 |
0 |
7 |
|a samohodnotenie
|2 snkbucl
|9 1404228
|
| 650 |
0 |
7 |
|a riadenie kvality
|2 snkbucl
|9 14744
|
| 650 |
0 |
7 |
|a CAF (model riadenia kvality)
|2 snkbucl
|9 75909
|
| 700 |
1 |
|
|a Cajchanová, Oľga
|4 aut
|9 24044
|
| 773 |
0 |
|
|t Produktivita
|g Č. 1 (2005), s. 15-16
|x 1335-5961
|
| 850 |
|
|
|a Slovenská národná knižnica
|
| 852 |
|
|
|a Slovenská národná knižnica
|
| 954 |
|
|
|a odborná, vedecká literatúra pôvodná (slovenská)
|2 lita
|
| 958 |
|
|
|a article14
|
| 958 |
|
|
|a OND
|
| 958 |
|
|
|a NB
|
| 958 |
|
|
|a EUIPO
|
| 999 |
|
|
|c 2909643
|d 2911573
|